00000000nam##2200000za#4500
0019.625579
003CaOODSP
00520200421163408
007ta
008150406|2000||||xxc|||||     f|0| 0 fre|d
020 |a0-662-85601-5
040 |aCaOODSP|bfre
043 |an-cn---
0861 |aNH18-22/100-129F
1102 |aSociété canadienne d'hypothèques et de logement.
24510|aÉtendue de la carbonatation dans les bâtiments de Toronto
260 |aOttawa - Ontario : |bSociété canadienne d'hypothèques et de logement |c2000.
300 |a3p. ; |c28 cm.
4901 |aLe point en recherche. Série technique |v00-129
563 |aDépliant
590 |a01-09|b2001-03-02
69107|aBâtiment|2gcpds
69107|aMatériau de construction|2gcpds
7760#|tÉtendue de la carbonatation dans des bâtiments de Toronto / |w(CaOODSP)9.607745
830#0|aLe point en recherche. Série technique ;|v00-129|w(CaOODSP)9.513179
986 |aLNH 2267